Direccin̤ Estratǧica

Bibliographic Details
Main Author: Palacios Acero, Luis Carlos
Format: eBook
Language:Spanish
Published: Bogot:̀ ECOE, 2018
Subjects:
Online Access:Acceso restringido

MARC

LEADER 00000nam a22000007a 4500
005 20180501232719.0
007 cr|||| ||||
008 180501s2018 co |||||s|||| 00||0 spa d
020 |a 978-958-648-669-9 
035 |a 21525 
040 |a vLex 
090 |c 7873  |d 7873 
100 1 |a Palacios Acero, Luis Carlos 
245 1 0 |a Direccin̤ Estratǧica  |h [Recurso electrn̤ico] /  |c Luis Carlos Palacios Acero 
256 |a Servicio en ln̕ea 
260 |a Bogot:̀  |b ECOE,  |c 2018 
300 |a 1 recurso electrn̤ico 
506 1 |a Disponible solo en los productos indicados  |d vLex Global  |d vLex Global (Academic Edition, excluding Law Schools)  |d vLex Global (U.S. Academic Edition, Law Schools)  |d vLex Global (U.S. Academic Edition, excluding Law Schools)  |d vLex Global (Academic Edition, Law Schools) 
650 0 4 |a Ciencias sociales  |z Colombia 
740 0 |a vLex Libros (Servicio en ln̕ea) 
856 4 0 |u http://vlex.com/source/direccion-estrategica-21525  |z Acceso restringido 
942 |c BOOK 
999 0 |a Social Sciences